<?xml version="1.0" encoding="UTF-8"?>
<record
    xmlns:xsi="http://www.w3.org/2001/XMLSchema-instance"
    xsi:schemaLocation="http://www.loc.gov/MARC21/slim http://www.loc.gov/standards/marcxml/schema/MARC21slim.xsd"
    xmlns="http://www.loc.gov/MARC21/slim">

  <leader>00838nam a2200217Ia 4500</leader>
  <controlfield tag="003">OSt</controlfield>
  <controlfield tag="005">20251111111756.0</controlfield>
  <controlfield tag="008">210210b2016   xxu||||| |||| 00| 0 eng d</controlfield>
  <datafield tag="040" ind1=" " ind2=" ">
    <subfield code="c">AL</subfield>
  </datafield>
  <datafield tag="041" ind1=" " ind2=" ">
    <subfield code="a">Kannada</subfield>
  </datafield>
  <datafield tag="082" ind1=" " ind2=" ">
    <subfield code="a">K894.4 ARUM</subfield>
  </datafield>
  <datafield tag="100" ind1=" " ind2=" ">
    <subfield code="a">ARUNDHATI RAY</subfield>
    <subfield code="d">&#xC85;&#xCB0;&#xCC1;&#xC82;&#xCA7;&#xCA4;&#xCBF; &#xCB0;&#xCBE;&#xCAF;&#xCCD;</subfield>
    <subfield code="9">244982</subfield>
  </datafield>
  <datafield tag="245" ind1=" " ind2=" ">
    <subfield code="a">Midategalige kiviyoddi</subfield>
    <subfield code="b">&#xCAE;&#xCBF;&#xCA1;&#xCA4;&#xCC6;&#xC97;&#xCB3;&#xCBF;&#xC97;&#xCC6; &#xC95;&#xCBF;&#xCB5;&#xCBF;&#xCAF;&#xCCA;&#xCA1;&#xCCD;&#xCA1;&#xCBF;</subfield>
  </datafield>
  <datafield tag="260" ind1=" " ind2=" ">
    <subfield code="a">Bengaluru</subfield>
    <subfield code="b">-</subfield>
    <subfield code="c">2016</subfield>
  </datafield>
  <datafield tag="300" ind1=" " ind2=" ">
    <subfield code="a">xx,326</subfield>
  </datafield>
  <datafield tag="650" ind1=" " ind2=" ">
    <subfield code="a">&#xCAE;&#xCBF;&#xCA1;&#xCA4;&#xCC6;&#xC97;&#xCB3;&#xCBF;&#xC97;&#xCC6; &#xC95;&#xCBF;&#xCB5;&#xCBF;&#xCAF;&#xCCA;&#xCA1;&#xCCD;&#xCA1;&#xCBF; &#x2013; &#xC85;&#xCB0;&#xCC1;&#xC82;&#xCA7;&#xCA4;&#xCBF; &#xCB0;&#xCBE;&#xCAF;&#xCCD; &#xC85;&#xCA8;&#xCC1;&#xCB5;&#xCBE;&#xCA6;&#xCBF;&#xCA4; &#xCB2;&#xCC7;&#xC96;&#xCA8; &#xCB8;&#xC82;&#xC97;&#xCCD;&#xCB0;&#xCB9; &#x2013; &#xCB8;&#xC82;&#xCAA;&#xCBE;&#xCA6;&#xCA8;&#xCC6; (2016)</subfield>
    <subfield code="9">244983</subfield>
  </datafield>
  <datafield tag="690" ind1=" " ind2=" ">
    <subfield code="a">Kannada Prose</subfield>
    <subfield code="9">244984</subfield>
  </datafield>
  <datafield tag="700" ind1=" " ind2=" ">
    <subfield code="a">H S Anupama</subfield>
    <subfield code="d">&#xC8E;&#xC9A;&#xCCD;.&#xC8E;&#xCB8;&#xCCD;.&#xC85;&#xCA8;&#xCC1;&#xCAA;&#xCAE;&#xCBE; tr</subfield>
    <subfield code="9">244985</subfield>
  </datafield>
  <datafield tag="906" ind1=" " ind2=" ">
    <subfield code="a">071303</subfield>
  </datafield>
  <datafield tag="942" ind1=" " ind2=" ">
    <subfield code="2">ddc</subfield>
    <subfield code="c">BK</subfield>
  </datafield>
  <datafield tag="999" ind1=" " ind2=" ">
    <subfield code="c">120642</subfield>
    <subfield code="d">120642</subfield>
  </datafield>
  <datafield tag="952" ind1=" " ind2=" ">
    <subfield code="0">0</subfield>
    <subfield code="1">0</subfield>
    <subfield code="2">ddc</subfield>
    <subfield code="4">0</subfield>
    <subfield code="7">0</subfield>
    <subfield code="8">KAN</subfield>
    <subfield code="a">AL</subfield>
    <subfield code="b">AL</subfield>
    <subfield code="c">Kannada Literature</subfield>
    <subfield code="d">2021-02-17</subfield>
    <subfield code="e">Navakarnataka Publication Pvt Ltd Mangalore</subfield>
    <subfield code="g">160.00</subfield>
    <subfield code="l">0</subfield>
    <subfield code="o">K894.4 ARUM</subfield>
    <subfield code="p">071303</subfield>
    <subfield code="r">2021-02-17 00:00:00</subfield>
    <subfield code="w">2021-02-17</subfield>
    <subfield code="y">BK</subfield>
  </datafield>
</record>
